00294pam a2200121 a 4500020000500000041000500005082000800010100002900018245005400047250000900101260004900110300001300159 c h a5.1 aKNUTH (Donald E)eauthor aThe Art of Computer ProgramminghTextual Document a3rd  bAddison Wesley Publishing Co New York,c1997 axix, 650